<?xml version="1.0" encoding="UTF-8"?>
<collection xmlns="http://www.loc.gov/MARC21/slim">
 <record>
  <leader>01838nam a22002657a 4500</leader>
  <controlfield tag="001">NCT_63620</controlfield>
  <controlfield tag="008">190419b        xxu||||| |||| 00| 0 vie d</controlfield>
  <datafield tag="999" ind1=" " ind2=" ">
   <subfield code="c">3077</subfield>
   <subfield code="d">3077</subfield>
  </datafield>
  <datafield tag="020" ind1=" " ind2=" ">
   <subfield code="a">9786048220891</subfield>
   <subfield code="c">79000</subfield>
  </datafield>
  <datafield tag="082" ind1="0" ind2="4">
   <subfield code="2">23rd ed.</subfield>
   <subfield code="a">624.193</subfield>
   <subfield code="b">Tr513</subfield>
  </datafield>
  <datafield tag="100" ind1="1" ind2=" ">
   <subfield code="a">Nguyễn Viết Trung</subfield>
  </datafield>
  <datafield tag="245" ind1="1" ind2="0">
   <subfield code="a">Bê tông phun trong xây dựng hầm</subfield>
   <subfield code="c">Nguyễn Viết Trung, Trần Việt Hùng, Lê Huy Tuyền</subfield>
  </datafield>
  <datafield tag="260" ind1=" " ind2=" ">
   <subfield code="a">H.</subfield>
   <subfield code="b">Xây dựng</subfield>
   <subfield code="c">2017</subfield>
  </datafield>
  <datafield tag="300" ind1=" " ind2=" ">
   <subfield code="a">147 tr.</subfield>
   <subfield code="b">Minh họa</subfield>
   <subfield code="c">27cm</subfield>
  </datafield>
  <datafield tag="520" ind1="3" ind2=" ">
   <subfield code="a">Trình bày công nghệ bê tông phun và yếu tố chính quyết định đến sản phẩm bê tông phun. Các phương pháp thiết kế cấp phối bê tông phun căn cứ theo từng điều kiện cụ thể. Kỹ thuật ứng dụng công nghệ bê tông phun. </subfield>
  </datafield>
  <datafield tag="653" ind1=" " ind2=" ">
   <subfield code="a">Kỹ thuật Công trình Xây dựng</subfield>
  </datafield>
  <datafield tag="700" ind1="1" ind2=" ">
   <subfield code="a">Trần Việt Hùng</subfield>
  </datafield>
  <datafield tag="700" ind1="1" ind2=" ">
   <subfield code="a">Lê Huy Tuyền</subfield>
  </datafield>
  <datafield tag="942" ind1=" " ind2=" ">
   <subfield code="2">ddc</subfield>
   <subfield code="c">BK</subfield>
  </datafield>
  <datafield tag="952" ind1=" " ind2=" ">
   <subfield code="0">0</subfield>
   <subfield code="1">0</subfield>
   <subfield code="2">ddc</subfield>
   <subfield code="4">0</subfield>
   <subfield code="6">624_193000000000000_TR513</subfield>
   <subfield code="7">0</subfield>
   <subfield code="9">16720</subfield>
   <subfield code="a">000001</subfield>
   <subfield code="b">000001</subfield>
   <subfield code="d">2019-04-19</subfield>
   <subfield code="o">624.193 Tr513</subfield>
   <subfield code="p">MD.15336</subfield>
   <subfield code="r">2019-04-19</subfield>
   <subfield code="v">79000.00</subfield>
   <subfield code="w">2019-04-19</subfield>
   <subfield code="y">BK</subfield>
  </datafield>
  <datafield tag="952" ind1=" " ind2=" ">
   <subfield code="0">0</subfield>
   <subfield code="1">0</subfield>
   <subfield code="2">ddc</subfield>
   <subfield code="4">0</subfield>
   <subfield code="6">624_193000000000000_TR513</subfield>
   <subfield code="7">0</subfield>
   <subfield code="9">16721</subfield>
   <subfield code="a">000001</subfield>
   <subfield code="b">000001</subfield>
   <subfield code="d">2019-04-19</subfield>
   <subfield code="o">624.193 Tr513</subfield>
   <subfield code="p">MD.15337</subfield>
   <subfield code="r">2019-04-19</subfield>
   <subfield code="v">79000.00</subfield>
   <subfield code="w">2019-04-19</subfield>
   <subfield code="y">BK</subfield>
  </datafield>
  <datafield tag="952" ind1=" " ind2=" ">
   <subfield code="0">0</subfield>
   <subfield code="1">0</subfield>
   <subfield code="2">ddc</subfield>
   <subfield code="4">0</subfield>
   <subfield code="6">624_193000000000000_TR513</subfield>
   <subfield code="7">0</subfield>
   <subfield code="9">16722</subfield>
   <subfield code="a">000001</subfield>
   <subfield code="b">000001</subfield>
   <subfield code="d">2019-04-19</subfield>
   <subfield code="o">624.193 Tr513</subfield>
   <subfield code="p">MD.15338</subfield>
   <subfield code="r">2019-04-19</subfield>
   <subfield code="v">79000.00</subfield>
   <subfield code="w">2019-04-19</subfield>
   <subfield code="y">BK</subfield>
  </datafield>
  <datafield tag="952" ind1=" " ind2=" ">
   <subfield code="0">0</subfield>
   <subfield code="1">0</subfield>
   <subfield code="2">ddc</subfield>
   <subfield code="4">0</subfield>
   <subfield code="6">624_193000000000000_TR513</subfield>
   <subfield code="7">0</subfield>
   <subfield code="9">16723</subfield>
   <subfield code="a">000001</subfield>
   <subfield code="b">000001</subfield>
   <subfield code="d">2019-04-19</subfield>
   <subfield code="o">624.193 Tr513</subfield>
   <subfield code="p">MD.15339</subfield>
   <subfield code="r">2019-04-19</subfield>
   <subfield code="v">79000.00</subfield>
   <subfield code="w">2019-04-19</subfield>
   <subfield code="y">BK</subfield>
  </datafield>
  <datafield tag="952" ind1=" " ind2=" ">
   <subfield code="0">0</subfield>
   <subfield code="1">0</subfield>
   <subfield code="2">ddc</subfield>
   <subfield code="4">0</subfield>
   <subfield code="6">624_193000000000000_TR513</subfield>
   <subfield code="7">0</subfield>
   <subfield code="9">16724</subfield>
   <subfield code="a">000001</subfield>
   <subfield code="b">000001</subfield>
   <subfield code="d">2019-04-19</subfield>
   <subfield code="o">624.193 Tr513</subfield>
   <subfield code="p">MD.15340</subfield>
   <subfield code="r">2019-04-19</subfield>
   <subfield code="v">79000.00</subfield>
   <subfield code="w">2019-04-19</subfield>
   <subfield code="y">BK</subfield>
  </datafield>
  <datafield tag="980" ind1=" " ind2=" ">
   <subfield code="a">Thư viện Trường Đại học Nam Cần Thơ</subfield>
  </datafield>
 </record>
</collection>
